<?xml version="1.0" encoding="UTF-8"?>
<collection xmlns:xsi="http://www.w3.org/2001/XMLSchema-instance" xsi:schemaLocation="http://www.loc.gov/MARC21/slim http://www.loc.gov/standards/marcxml/schema/MARC21slim.xsd" xmlns="http://www.loc.gov/MARC21/slim">
 <record>
  <leader>00000ctm a22000003a 4500</leader>
  <controlfield tag="001">UP-99796217610368887</controlfield>
  <controlfield tag="003">Buklod</controlfield>
  <controlfield tag="005">20221018154112.0</controlfield>
  <controlfield tag="006">a    grb    001 u|</controlfield>
  <controlfield tag="007">ta</controlfield>
  <controlfield tag="008">221018s2005    xx      r    |||| u|    |</controlfield>
  <datafield tag="035" ind1=" " ind2=" ">
   <subfield code="a">(iLib)UPD-00187102483</subfield>
  </datafield>
  <datafield tag="040" ind1=" " ind2=" ">
   <subfield code="a">DENG</subfield>
   <subfield code="e">aacr</subfield>
  </datafield>
  <datafield tag="041" ind1="0" ind2=" ">
   <subfield code="a">eng</subfield>
  </datafield>
  <datafield tag="090" ind1="0" ind2="0">
   <subfield code="a">LG 993 2005 E66</subfield>
   <subfield code="b">A36</subfield>
  </datafield>
  <datafield tag="100" ind1="1" ind2=" ">
   <subfield code="a">Agno, Kristine Lufel</subfield>
  </datafield>
  <datafield tag="245" ind1="1" ind2="2">
   <subfield code="a">A methods engineering study on United Parens Manufacturing Corporation</subfield>
   <subfield code="c">Kristine Lufel Agno, Eugene Rex Dalao, Ma. Rizza Patawaran.</subfield>
  </datafield>
  <datafield tag="264" ind1=" " ind2="1">
   <subfield code="a">Diliman, Quezon City</subfield>
   <subfield code="b">College of Engineering</subfield>
   <subfield code="c">2005</subfield>
  </datafield>
  <datafield tag="300" ind1=" " ind2=" ">
   <subfield code="a">28 leaves</subfield>
  </datafield>
  <datafield tag="500" ind1=" " ind2=" ">
   <subfield code="a">Feasibility study</subfield>
  </datafield>
  <datafield tag="506" ind1="0" ind2=" ">
   <subfield code="a">Access exclusively for UP IE students. Written permission required from the department head for NON-IE and NON-UP students or researchers</subfield>
  </datafield>
  <datafield tag="508" ind1=" " ind2=" ">
   <subfield code="a">Submitted in partial fulfillment of the course requirements in IE 32 : Methods Engineering</subfield>
  </datafield>
  <datafield tag="520" ind1="0" ind2=" ">
   <subfield code="a">United Parens Manufacturing Corporation (UPMC) is a small manufacturing firm located at San Pedro Coliseum Compound, San Pedro, Laguna. It is situated near Pacita Complex. It caters to the needs of metal products of car and bus assemblers, construction companies, electronics manufacturers, truck special body builders, bus companies, assembly plants and semiconductor plants. Some of its customers are Asian Carmakers Corporation (maker of KIA vehicles), Columbian Manufacturing Corporation (assembler of buses), Pilipinas Daewoo, and COSMOS Bottling Corporation. During the group's plant visits, the following problems were identified : interruption of work to fix a failure in the machine, interruption of work to give way to other workers, inefficiency of methods that leads to frequent overtime among workers, inconsistencies in the method of performing some of its operations, poor plant layout and inadequate lighting. The group came up with recommendations to address these problems. A new plant layout was designed to address the problems due to the layout. Also, the group recommended a substitute process that takes a lesser time compared to the present process (i.e. drilling was suggested to be replaced with punching), without sacrificing the quality of the product. Other recommendations like supervision of workers, installation of a Bundy clock system and installation of additional lighting were also suggested to further improve the general condition of the company.</subfield>
  </datafield>
  <datafield tag="610" ind1="0" ind2="4">
   <subfield code="a">United Parens Manufacturing Corporation.</subfield>
  </datafield>
  <datafield tag="650" ind1="0" ind2="0">
   <subfield code="a">Metal trade.</subfield>
  </datafield>
  <datafield tag="650" ind1="0" ind2="0">
   <subfield code="a">Systems analysis.</subfield>
  </datafield>
  <datafield tag="658" ind1=" " ind2=" ">
   <subfield code="a">Methods Engineering</subfield>
   <subfield code="c">IE 32.</subfield>
  </datafield>
  <datafield tag="700" ind1="1" ind2=" ">
   <subfield code="a">Jalao, Eugene Rex.</subfield>
  </datafield>
  <datafield tag="700" ind1="1" ind2=" ">
   <subfield code="a">Patawaran, Ma. Rizza.</subfield>
  </datafield>
  <datafield tag="842" ind1=" " ind2=" ">
   <subfield code="a">Thesis</subfield>
  </datafield>
  <datafield tag="905" ind1=" " ind2=" ">
   <subfield code="a">FI</subfield>
  </datafield>
  <datafield tag="905" ind1=" " ind2=" ">
   <subfield code="a">UP</subfield>
  </datafield>
  <datafield tag="950" ind1=" " ind2=" ">
   <subfield code="a">Paper</subfield>
  </datafield>
  <datafield tag="852" ind1="0" ind2=" ">
   <subfield code="a">UPD</subfield>
   <subfield code="b">DENG</subfield>
   <subfield code="h">LG 993 2005 E66</subfield>
   <subfield code="i">A36</subfield>
  </datafield>
  <datafield tag="942" ind1=" " ind2=" ">
   <subfield code="a">Thesis</subfield>
  </datafield>
 </record>
</collection>
